L'ABC dei Diritti

Saved in:
書目詳細資料
企業作者: GayLeft
格式: 圖書
語言:英语
出版: GayLeft
標簽: 添加標簽
沒有標簽, 成為第一個標記此記錄!

MARC

LEADER 00000nam a2200000 4500
005 20240626191604.0
008 240626b |||||||| |||| 00| 0 eng d
040 |c GP 
110 |a GayLeft 
245 |a L'ABC dei Diritti 
260 |b GayLeft 
942 |2 ddc  |c BK  |n 0 
952 |0 0  |1 0  |2 ddc  |4 0  |6 323_326000000000000_GAY  |7 1  |9 1514  |a RM  |b RM  |d 2024-06-26  |l 0  |o 323.326 GAY  |p 243  |r 2024-06-26 19:16:30  |w 2024-06-26  |y BK 
999 |c 1332  |d 1332